[Event "Gradiste op 3rd"]
[Site "Gradiste"]
[Date "2023.08.07"]
[Round "2"]
[White "Radlovacki, Jovan"]
[Black "Mesic, Ado"]
[Result "1-0"]
[WhiteElo "2262"]
[BlackElo "1677"]
[PlyCount "59"]
[EventDate "2023.08.06"]
[EventType "swiss"]
[EventRounds "9"]
[EventCountry "CRO"]
[SourceTitle "EXT 2024"]
[Source "ChessBase"]
[SourceDate "2023.10.10"]
[SourceVersion "1"]
[SourceVersionDate "2023.10.10"]
[SourceQuality "1"]

1. e4 e5 2. Bc4 Nc6 3. d3 Nf6 4. Nc3 h6 5. a3 Bc5 6. Be3 Bb6 7. Qd2 d6 8. Nge2 Be6 9. 0-0 0-0 10. Rae1 d5 11. exd5 Nxd5 12. Bxd5 Bxd5 13. Bxh6 f5 14. Qg5 Qxg5 15. Bxg5 Bf7 16. Be3 Rfe8 17. Bxb6 axb6 18. f3 g6 19. Kf2 Rad8 20. Ke3 Nd4 21. Kd2 c5 22. b3 Ra8 23. Nxd4 exd4 24. Nb5 Rxe1 25. Rxe1 Kf8 26. a4 Rd8 27. Re5 Rd7 28. a5 bxa5 29. Rxc5 Bd5 30. Nxd4 1-0